000 00563nam a22001937a 4500
005 20251108173436.0
008 250721s2002 xx 000 0 ara d
082 1 4 _a612.821/طيب
100 1 _aالطيبي، عكاشه عبد المنان
245 1 0 _aالأرق ، كيف أتخلص منه ؟ /
264 1 _aبيروت :
_bالمكتبة الثقافية،
_c2002.
300 _a128ص
490 0 _aأسئلة حائرة
650 1 7 _aالنوم
650 1 7 _aالطب النفسي
650 1 7 _aالأرق
942 _2ddc
_cBK
999 _c103990
_d103990